000 00568nam a2200217 a 4500
001 0001-2147
003 ELIB.Books
008 190725 2010 eng
020 _a9780141197319
092 _a220
_bVer
100 _aVermes, Geza.
245 _aThe Complete Dead Sea Scrolls in English
260 _aEngland
_bPenguin Books
_c2011
300 _a698
_c19.5cm
650 _aBible
856 _nKBTS Library
_uKBTS Elib
942 _2ddc
_cBK
990 _a1
998 _aEnglishbooks.elf
_ccat
_e2019-07-25
_mcat
_u2019-07-25
999 _c12147
_d12147